In search of pre-exilic Israel : proceedings of the Oxford Old Testament Seminar /

Bibliographic Details
Other Authors: Day, John, 1948-
Format: Book
Language:English
Published: London ; New York : T & T Clark International, 2004.
Series:Journal for the study of the Old Testament. Supplement series ; 406.
Subjects:

MARC

Tag First Indicator Second Indicator Subfields
LEADER 00000cam a2200000Ma 4500
001 in00002328811
005 20151108051713.0
008 040806s2004 enka f b 001 0 eng d
015 |a GBA460961  |2 bnb 
016 7 |a 012976223  |2 Uk 
019 |a 57355498 
020 |a 0567081966 
020 |a 9780567081964 
020 |a 0567082067 (pbk.) 
020 |a 9780567082060 (pbk.) 
029 1 |a NLGGC  |b 267249691 
029 1 |a YDXCP  |b 2086880 
029 1 |a NZ1  |b 8986470 
035 |a (OCoLC)ocm57023578 
035 |a (OCoLC)57023578  |z (OCoLC)57355498 
040 |a EQO  |c EQO  |d OCLCQ  |d IDI  |d BAN  |d BWE  |d UKM  |d OCLCQ  |d NLGGC  |d BTCTA  |d YDXCP  |d UtOrBLW 
049 |a TXAM 
082 0 4 |a 933  |2 22 
084 |a 11.42  |2 bcl 
090 |a DS121  |b .I5 2004 
245 0 0 |a In search of pre-exilic Israel :  |b proceedings of the Oxford Old Testament Seminar /  |c edited by John Day. 
264 1 |a London ;  |a New York :  |b T & T Clark International,  |c 2004. 
300 |a xv, 432 pages ;  |c 24 cm. 
336 |a text  |b txt  |2 rdacontent 
337 |a unmediated  |b n  |2 rdamedia 
338 |a volume  |b nc  |2 rdacarrier 
490 1 |a Journal for the study of the Old Testament. Supplement series ;  |v 406 
500 |a "A Continuum imprint." 
500 |a Seventeen essays which were originally papers delivered to the Oxford Old Testament seminar between January 2001 and June 2003. 
504 |a Includes bibliographical references and index. 
505 0 0 |t Current 'revisionism' and the literature of the Old Testament /  |r Ernest Nicholson --  |t Was there an exodus? /  |r Graham Davies --  |t Back to basics: a holistic approach to the problem of the emergence of Ancient Israel /  |r Anthony J. Frendo --  |t Histories and non-histories of Ancient Israel: the question of the united monarchy /  |r William G. Dever --  |t Dating the 'succession narrative' /  |r John Barton --  |t The date of the Yahwist /  |r J.A. Emerton --  |t Was there a social crisis in the Eighth Century? /  |r Walter Houston --  |t In search of post-exilic Israel: Samaria after the fall of the Northern Kingdom /  |r Gary N. Knoppers --  |t In search of the pre-exilic Isaiah /  |r H.G.M. Williamson --  |t Jeremiah before the exile? /  |r David J. Reimer --  |t How many pre-exilic Psalms are there? /  |r John Day --  |t How much wisdom literature has its roots in the pre-exilic period? /  |r Katherine J. Dell --  |t Is the Covenant Code an exilic composition? A response to John Van Seters /  |r Bernard M. Levinson --  |t Yahweh's Asherah, inclusive monotheism and the question of dating /  |r B.A. Mastin --  |t Mesopotamian sources and pre-exilic Israel /  |r Hebrew and West Semitic inscriptions and pre-exilic Israel /  |r Andre Lemaire --  |t Hebrew poetic structure as a basis for dating /  |r Terry Fenton. 
650 0 |a Jews  |x History  |y 1200-953 B.C.  |v Congresses. 
650 0 |a Jews  |x History  |y 953-586 B.C.  |v Congresses. 
653 1 |a Pre-exilic Israel 
653 1 |a Old Testament 
650 1 7 |a Oude Testament.  |2 gtt 
650 1 7 |a Geschiedschrijving.  |2 gtt 
650 1 7 |a Datering.  |2 gtt 
700 1 |a Day, John,  |d 1948- 
830 0 |a Journal for the study of the Old Testament.  |p Supplement series ;  |v 406. 
938 |a Baker and Taylor  |b BTCP  |n 2004281137 
938 |a YBP Library Services  |b YANK  |n 2086881 
945 |a PromptCat  |b 265012 
946 |a stk 
947 |a A14836492672 
948 |a cataloged  |b h  |c 2007/11/14  |d c  |e dmartine  |f 4:57:28 pm 
994 |a 92  |b TXA 
999 |a MARS 
999 f f |s a94baefb-1e41-3f9f-b26a-22a433e46194  |i b1482946-1d52-3fe8-b4a6-826a3222fe0a  |t 0 
952 f f |p normal  |a Texas A&M University  |b College Station  |c Sterling C. Evans Library  |d Evans: Library Stacks  |t 0  |e DS121 .I5 2004  |h Library of Congress classification  |i unmediated -- volume  |m A14836492672 
998 f f |a DS121 .I5 2004  |t 0  |l Evans: Library Stacks